00715nam a2200181 i 450000100060000000300090000600500170001500700030003200800410003510000270007624502160010326000380031930000260035750000850038365000130046865000280048185200240050954449ES-MaACL20230906162946.0t|031216s1899 fr ||||1| fre d1 aForns, Rafael María.10aLecture sur l'image laryngoscopique du fonctionnement élémentaire de chacun des muscles intrinsèqus du larynx et clé de l'énigme de l'innervation spéciale du crico-thyroidien / cpar le Dr. R. Forns. aParis : bMasson et Cie, c[1899] aP. 640-644 ; c22 cm. aSeparata de: Annales des maladies de l'oreille, du larynx, du nez et du pharynx. 4aLaringe.04aOtorrinolaringología. aES-MaACLjT-929-F-3